000 00971nam a2200265Ia 4500
003 GCL
008 140319s9999 xx 000 0 ara d
020 _a6129344977
040 _aGCL /
_cGCL
082 0 4 _a302.22
_bم ص
100 1 _aمحمود شمال حسن
245 1 0 _aالصورة والاقناع :
_bدراسة تحليلية لاثر خطاب الصورة فى الاقناع /
_cمحمود شمال حسن
250 _aالاولى
260 _aالقاهرة :
_bدار الافاق العربية ،
_c2006
300 _a243 ص ؛
_c24 سم
490 _aدراسات فى علم النفس الاجتماعى
_v4
650 0 4 _aعلم النفس الاجتماعى
650 0 4 _aالافلام السينمائية
650 0 4 _aالاقناع
650 0 4 _aالاتصال الثقافى
650 0 4 _aالاقناع بالصورة
650 0 4 _aالاقناع - نظريات
650 0 4 _aالسلوك العدوانى
942 _2ddc
_cBK
999 _c8670
_d8670